Syndróm vyhorenia ako príčina vzniku pracovných úrazov

Vznik, príznaky a štádiá syndrómu vyhorenia. Spôsoby zvládania a prevencia syndrómu vyhorenia.

Uložené v:
Podrobná bibliografia
Hlavný autor: Matkovčíková, Natália, 1982-
Médium: Kapitola
Jazyk:Slovak
Predmet:
Tagy: Pridať tag
Žiadne tagy, Buďte prvý, kto otaguje tento záznam!

MARC

LEADER 00000naa$a2200000$$$4500
001 0241507
005 20240502073931.3
041 0 |a slo 
044 |a SK 
245 1 0 |a Syndróm vyhorenia ako príčina vzniku pracovných úrazov  |c Natália Matkovčíková 
520 |a Vznik, príznaky a štádiá syndrómu vyhorenia. Spôsoby zvládania a prevencia syndrómu vyhorenia. 
610 2 0 |a syndróm vyhorenia 
610 2 0 |a úrazy pracovné 
610 2 0 |a prevencia 
610 2 0 |a bezpečnosť práce 
100 1 |a Matkovčíková, Natália, 1982-